00577cam a2200169 a 450000100100000000500170001000800410002704000290006808200210009710000270011824500880014526000800023330000170031365000220033065000260035270000290037800000966920200929161649.0830504s1978 ve a f000 0 spa  aDO-SdBNPbspacLCdBNPHU aV862.44bN333ó1 aNazoa, Aquiles,d1920-10aObras completas :bteatro /cAquiles Nazoa ; selección y prólogo Cesar Rengifo. aCaracas :bUniversidad Central de Venezuela, Dirección de Cultura,c1978. av. ;c20 cm. 4aTeatro venezolano 4aLiteratura venezolana1 aRengifo, Cesar,epról.